[Event "DEM U12w 2024"]
[Site "Willingen GER"]
[Date "2024.05.19"]
[Round "2"]
[White "Wang, Enya Marie"]
[Black "Kovalskyy, Alicia"]
[Result "1/2-1/2"]
[Termination "normal"]
[Board "1"]
[WhiteElo "1614"]
[BlackElo "1825"]
[WhiteClock "00:44:52"]
[BlackClock "00:01:46"]
[PlyCount "118"]
[WhiteFideId "34660330"]
[BlackFideId "34612130"]
[EventCountry "GER"]
[EventRounds "9"]
[EventType "swiss"]
[EventDate "2024.05.18"]

1. e4 {[%clk 01:30:58]} e5 {[%clk 01:30:54]} {[%emt 00:00:07]} 2. Nf3 {[%clk
01:31:20]} {[%emt 00:00:07]} Nc6 {[%clk 01:31:20]} {[%emt 00:00:05]} 3. Bc4
{[%clk 01:31:38]} {[%emt 00:00:12]} Bc5 {[%clk 01:31:44]} {[%emt 00:00:06]} 4.
c3 {[%clk 01:32:01]} {[%emt 00:00:07]} Nf6 {[%clk 01:32:09]} {[%emt 00:00:05]}
5. d4 {[%clk 01:32:21]} {[%emt 00:00:10]} exd4 {[%clk 01:32:33]} {[%emt
00:00:07]} 6. e5 {[%clk 01:32:32]} {[%emt 00:00:18]} d5 {[%clk 01:32:59]}
{[%emt 00:00:05]} 7. Bb5 {[%clk 01:32:32]} {[%emt 00:00:30]} Ne4 {[%clk
01:32:47]} {[%emt 00:00:42]} 8. cxd4 {[%clk 01:32:06]} {[%emt 00:00:56]} Bb6
{[%clk 01:31:00]} {[%emt 00:02:17]} 9. h3 {[%clk 01:31:36]} {[%emt 00:00:59]}
Bd7 {[%clk 01:29:06]} {[%emt 00:02:25]} 10. Bxc6 {[%clk 01:30:25]} {[%emt
00:01:42]} bxc6 {[%clk 01:28:48]} {[%emt 00:00:47]} 11. Nc3 {[%clk 01:29:07]}
{[%emt 00:01:48]} Nxc3 {[%clk 01:22:10]} {[%emt 00:07:08]} 12. bxc3 {[%clk
01:29:28]} {[%emt 00:00:09]} h6 {[%clk 01:22:04]} {[%emt 00:00:36]} 13. Qd3
{[%clk 01:27:22]} {[%emt 00:02:36]} Be6 {[%clk 01:22:01]} {[%emt 00:00:34]} 14.
Be3 {[%clk 01:26:25]} {[%emt 00:01:27]} Qe7 {[%clk 01:20:03]} {[%emt 00:02:28]}
15. Nd2 {[%clk 01:24:04]} {[%emt 00:02:51]} Qa3 {[%clk 01:15:46]} {[%emt
00:04:45]} 16. Nb3 {[%clk 01:21:45]} {[%emt 00:02:51]} Qe7 {[%clk 01:07:23]}
{[%emt 00:08:53]} 17. O-O {[%clk 01:19:58]} {[%emt 00:02:17]} g5 {[%clk
01:05:58]} {[%emt 00:01:56]} 18. g4 {[%clk 01:14:28]} {[%emt 00:05:59]} h5
{[%clk 01:05:14]} {[%emt 00:01:13]} 19. f3 {[%clk 01:14:15]} {[%emt 00:00:43]}
hxg4 {[%clk 00:57:12]} {[%emt 00:08:32]} 20. hxg4 {[%clk 01:13:10]} {[%emt
00:01:36]} Kd7 {[%clk 00:52:44]} {[%emt 00:04:57]} 21. Kg2 {[%clk 01:10:16]}
{[%emt 00:03:24]} Rhf8 {[%clk 00:46:56]} {[%emt 00:06:17]} 22. Rh1 {[%clk
01:09:18]} {[%emt 00:01:27]} f5 {[%clk 00:46:50]} {[%emt 00:00:38]} 23. exf6
{[%clk 01:08:11]} {[%emt 00:01:37]} Qxf6 {[%clk 00:46:17]} {[%emt 00:01:02]}
24. Raf1 {[%clk 01:06:23]} {[%emt 00:02:18]} Rae8 {[%clk 00:43:35]} {[%emt
00:03:12]} 25. Rh5 {[%clk 01:02:45]} {[%emt 00:04:07]} Rg8 {[%clk 00:38:18]}
{[%emt 00:05:45]} 26. Qd2 {[%clk 01:01:58]} {[%emt 00:01:20]} Bxg4 {[%clk
00:30:55]} {[%emt 00:07:54]} 27. fxg4 {[%clk 00:57:21]} {[%emt 00:05:06]} Qe6
{[%clk 00:30:24]} {[%emt 00:01:01]} 28. Rxg5 {[%clk 00:46:53]} {[%emt
00:10:58]} Qe4+ {[%clk 00:29:35]} {[%emt 00:01:18]} 29. Rf3 {[%clk 00:43:05]}
{[%emt 00:04:18]} Ref8 {[%clk 00:26:22]} {[%emt 00:03:44]} 30. Qf2 {[%clk
00:39:19]} {[%emt 00:04:15]} Rxg5 {[%clk 00:17:02]} {[%emt 00:09:49]} 31. Bxg5
{[%clk 00:38:54]} {[%emt 00:00:56]} Rg8 {[%clk 00:15:11]} {[%emt 00:02:21]} 32.
Qe3 {[%clk 00:37:09]} {[%emt 00:02:15]} Qxg4+ {[%clk 00:09:06]} {[%emt
00:06:34]} 33. Rg3 {[%clk 00:36:59]} {[%emt 00:00:40]} Qe6 {[%clk 00:09:20]}
{[%emt 00:00:13]} 34. Qxe6+ {[%clk 00:35:02]} {[%emt 00:02:31]} Kxe6 {[%clk
00:09:42]} {[%emt 00:00:08]} 35. Nc5+ {[%clk 00:35:05]} {[%emt 00:00:27]} Bxc5
{[%clk 00:08:01]} {[%emt 00:02:10]} 36. dxc5 {[%clk 00:35:27]} {[%emt
00:00:08]} Rb8 {[%clk 00:08:19]} {[%emt 00:00:12]} 37. Re3+ {[%clk 00:34:37]}
{[%emt 00:01:19]} Kf5 {[%clk 00:08:39]} {[%emt 00:00:11]} 38. Bh4 {[%clk
00:33:51]} {[%emt 00:01:17]} Rb2+ {[%clk 00:08:39]} {[%emt 00:00:31]} 39. Kf3
{[%clk 00:33:23]} {[%emt 00:00:57]} Rxa2 {[%clk 00:08:46]} {[%emt 00:00:23]}
40. Bf2 {[%clk 00:32:35]} {[%emt 00:01:19]} Ra3 {[%clk 00:08:26]} {[%emt
00:00:50]} 41. Ke2 {[%clk 00:31:25]} {[%emt 00:01:40]} Ra2+ {[%clk 00:08:31]}
{[%emt 00:00:26]} 42. Kf3 {[%clk 00:31:17]} {[%emt 00:00:38]} Ra3 {[%clk
00:03:55]} {[%emt 00:05:06]} 43. Rd3 {[%clk 00:29:47]} {[%emt 00:02:00]} a5
{[%clk 00:03:22]} {[%emt 00:01:04]} 44. Bd4 {[%clk 00:28:55]} {[%emt 00:01:22]}
Ke6 {[%clk 00:27:57]} {[%emt 00:05:54]} 45. Rd2 {[%clk 00:57:35]} {[%emt
00:01:50]} Ra1 {[%clk 00:26:24]} {[%emt 00:02:01]} 46. Rb2 {[%clk 00:56:07]}
{[%emt 00:01:59]} Ra3 {[%clk 00:17:20]} {[%emt 00:09:35]} 47. Ke2 {[%clk
00:54:58]} {[%emt 00:01:39]} a4 {[%clk 00:15:30]} {[%emt 00:02:20]} 48. Rb7
{[%clk 00:54:03]} {[%emt 00:01:25]} Kd7 {[%clk 00:15:37]} {[%emt 00:00:23]} 49.
Be5 {[%clk 00:52:56]} {[%emt 00:01:37]} Ke6 {[%clk 00:15:38]} {[%emt 00:00:30]}
50. Bxc7 {[%clk 00:53:04]} {[%emt 00:00:23]} Rxc3 {[%clk 00:15:54]} {[%emt
00:00:14]} 51. Bd6 {[%clk 00:52:55]} {[%emt 00:00:39]} a3 {[%clk 00:13:38]}
{[%emt 00:02:47]} 52. Ra7 {[%clk 00:52:07]} {[%emt 00:01:18]} d4 {[%clk
00:13:35]} {[%emt 00:00:31]} 53. Ra6 {[%clk 00:50:18]} {[%emt 00:02:20]} Kd5
{[%clk 00:13:54]} {[%emt 00:00:10]} 54. Kd2 {[%clk 00:49:44]} {[%emt 00:01:05]}
Rf3 {[%clk 00:13:11]} {[%emt 00:01:12]} 55. Kc2 {[%clk 00:49:04]} {[%emt
00:01:10]} Rc3+ {[%clk 00:11:40]} {[%emt 00:02:02]} 56. Kd2 {[%clk 00:48:23]}
{[%emt 00:01:11]} Rf3 {[%clk 00:10:13]} {[%emt 00:01:54]} 57. Ra4 {[%clk
00:47:06]} {[%emt 00:01:49]} Rc3 {[%clk 00:03:12]} {[%emt 00:07:31]} 58. Bf8
{[%clk 00:45:39]} {[%emt 00:01:57]} Rg3 {[%clk 00:02:47]} {[%emt 00:00:57]} 59.
Be7 {[%clk 00:44:52]} {[%emt 00:01:16]} Rg2+ {[%clk 00:01:46]} {[%emt
00:01:31]} 1/2-1/2

[Event "DEM U12w 2024"]
[Site "Willingen GER"]
[Date "2024.05.19"]
[Round "2"]
[White "Chen, Yueyi"]
[Black "Hladeniuk, Yelyzaveta"]
[Result "1-0"]
[Termination "normal"]
[Board "2"]
[WhiteElo "1795"]
[BlackElo "1646"]
[WhiteClock "01:08:45"]
[BlackClock "01:03:41"]
[PlyCount "103"]
[WhiteFideId "34653902"]
[BlackFideId "34176128"]
[EventCountry "GER"]
[EventRounds "9"]
[EventType "swiss"]
[EventDate "2024.05.18"]

1. e4 {[%clk 01:30:58]} {[%emt 00:00:01]} c6 {[%clk 01:30:52]} {[%emt
00:00:08]} 2. d4 {[%clk 01:31:23]} {[%emt 00:00:05]} d5 {[%clk 01:31:13]}
{[%emt 00:00:09]} 3. Nc3 {[%clk 01:31:42]} {[%emt 00:00:12]} dxe4 {[%clk
01:31:32]} {[%emt 00:00:11]} 4. Nxe4 {[%clk 01:32:03]} {[%emt 00:00:09]} Nf6
{[%clk 01:31:14]} {[%emt 00:00:48]} 5. Nxf6+ {[%clk 01:31:44]} {[%emt
00:00:49]} exf6 {[%clk 01:31:36]} {[%emt 00:00:08]} 6. c3 {[%clk 01:29:37]}
{[%emt 00:02:37]} Be6 {[%clk 01:30:50]} {[%emt 00:01:14]} 7. Bd3 {[%clk
01:29:02]} {[%emt 00:01:06]} Bd6 {[%clk 01:30:05]} {[%emt 00:01:15]} 8. Nf3
{[%clk 01:24:25]} {[%emt 00:05:08]} O-O {[%clk 01:29:00]} {[%emt 00:01:34]} 9.
Qc2 {[%clk 01:22:57]} {[%emt 00:02:00]} h6 {[%clk 01:28:26]} {[%emt 00:01:04]}
10. Be3 {[%clk 01:22:07]} {[%emt 00:01:21]} Nd7 {[%clk 01:27:53]} {[%emt
00:01:01]} 11. Nh4 {[%clk 01:17:41]} {[%emt 00:04:57]} c5 {[%clk 01:22:35]}
{[%emt 00:05:49]} 12. Qd2 {[%clk 01:06:43]} {[%emt 00:11:28]} g5 {[%clk
01:17:30]} {[%emt 00:05:35]} 13. Nf5 {[%clk 01:05:45]} {[%emt 00:01:28]} Bxf5
{[%clk 01:17:05]} {[%emt 00:00:55]} 14. Bxf5 {[%clk 01:06:04]} {[%emt
00:00:11]} Re8 {[%clk 01:15:55]} {[%emt 00:01:39]} 15. Bxd7 {[%clk 01:04:01]}
{[%emt 00:02:34]} Qxd7 {[%clk 01:09:58]} {[%emt 00:06:27]} 16. dxc5 {[%clk
01:03:48]} {[%emt 00:00:43]} Re6 {[%clk 01:02:26]} {[%emt 00:08:01]} 17. cxd6
{[%clk 01:02:21]} {[%emt 00:01:57]} Rxd6 {[%clk 01:02:42]} {[%emt 00:00:14]}
18. Qc2 {[%clk 01:01:59]} {[%emt 00:00:52]} Re8 {[%clk 01:01:37]} {[%emt
00:01:35]} 19. O-O {[%clk 01:02:00]} {[%emt 00:00:29]} a6 {[%clk 01:01:32]}
{[%emt 00:00:36]} 20. Rad1 {[%clk 01:01:45]} {[%emt 00:00:44]} Rxd1 {[%clk
01:00:46]} {[%emt 00:01:16]} 21. Rxd1 {[%clk 01:02:07]} {[%emt 00:00:08]} Qe6
{[%clk 00:57:15]} {[%emt 00:04:01]} 22. Qb3 {[%clk 01:02:22]} {[%emt 00:00:15]}
Qc8 {[%clk 00:56:49]} {[%emt 00:00:53]} 23. Qb6 {[%clk 01:02:00]} {[%emt
00:00:53]} Qe6 {[%clk 00:55:56]} {[%emt 00:01:23]} 24. Qxe6 {[%clk 01:02:22]}
{[%emt 00:00:09]} Rxe6 {[%clk 00:56:18]} {[%emt 00:00:09]} 25. Kf1 {[%clk
01:02:17]} {[%emt 00:00:34]} Kg7 {[%clk 00:56:30]} {[%emt 00:00:18]} 26. a4
{[%clk 01:01:49]} {[%emt 00:00:58]} Kg6 {[%clk 00:56:29]} {[%emt 00:00:32]} 27.
Rd7 {[%clk 01:02:07]} {[%emt 00:00:12]} b5 {[%clk 00:56:31]} {[%emt 00:00:28]}
28. axb5 {[%clk 01:02:29]} {[%emt 00:00:08]} axb5 {[%clk 00:56:48]} {[%emt
00:00:13]} 29. Rd5 {[%clk 01:02:35]} {[%emt 00:00:24]} Re5 {[%clk 00:57:00]}
{[%emt 00:00:18]} 30. Rxe5 {[%clk 01:03:00]} {[%emt 00:00:06]} fxe5 {[%clk
00:56:55]} {[%emt 00:00:35]} 31. b3 {[%emt 00:00:15]} f5 {[%clk 00:57:18]} 32.
c4 {[%clk 01:03:37]} {[%emt 00:00:14]} bxc4 {[%clk 00:57:40]} {[%emt 00:00:08]}
33. bxc4 {[%clk 01:03:54]} {[%emt 00:00:13]} Kf6 {[%clk 00:58:03]} {[%emt
00:00:07]} 34. f3 {[%clk 01:04:04]} {[%emt 00:00:20]} Ke6 {[%clk 00:58:22]}
{[%emt 00:00:11]} 35. g3 {[%clk 01:04:18]} {[%emt 00:00:16]} f4 {[%clk
00:58:38]} {[%emt 00:00:14]} 36. gxf4 {[%clk 01:04:38]} {[%emt 00:00:10]} gxf4
{[%clk 00:58:51]} {[%emt 00:00:17]} 37. Bf2 {[%clk 01:04:56]} {[%emt 00:00:12]}
Kf5 {[%clk 00:58:54]} {[%emt 00:00:27]} 38. c5 {[%clk 01:05:22]} {[%emt
00:00:05]} Ke6 {[%clk 00:59:18]} {[%emt 00:00:06]} 39. Ke2 {[%clk 01:05:46]}
{[%emt 00:00:05]} Kd5 {[%clk 00:59:41]} {[%emt 00:00:07]} 40. Kd3 {[%clk
01:06:10]} {[%emt 00:00:07]} Ke6 {[%clk 00:59:54]} {[%emt 00:00:18]} 41. Ke4
{[%clk 01:06:35]} {[%emt 00:00:05]} h5 {[%clk 01:00:14]} {[%emt 00:00:10]} 42.
h4 {[%clk 01:06:57]} {[%emt 00:00:06]} Kf6 {[%clk 01:00:28]} {[%emt 00:00:18]}
43. Kd5 {[%clk 01:07:08]} {[%emt 00:00:18]} Ke7 {[%clk 01:00:47]} {[%emt
00:00:11]} 44. c6 {[%clk 01:07:26]} {[%emt 00:00:12]} Kd8 {[%clk 01:01:08]}
{[%emt 00:00:10]} 45. Kd6 {[%clk 01:07:48]} {[%emt 00:00:08]} Kc8 {[%clk
01:01:30]} {[%emt 00:00:08]} 46. c7 {[%clk 01:08:10]} {[%emt 00:00:08]} Kb7
{[%clk 01:01:57]} {[%emt 00:00:03]} 47. Kd7 {[%clk 01:08:34]} {[%emt 00:00:05]}
Ka6 {[%clk 01:02:23]} {[%emt 00:00:05]} 48. c8=Q+ {[%clk 01:08:57]} {[%emt
00:00:07]} Ka5 {[%clk 01:02:44]} {[%emt 00:00:09]} 49. Qc4 {[%clk 01:08:24]}
{[%emt 00:01:02]} e4 {[%clk 01:03:00]} {[%emt 00:00:14]} 50. fxe4 {[%clk
01:08:37]} {[%emt 00:00:17]} f3 {[%clk 01:03:22]} {[%emt 00:00:09]} 51. Qb3
{[%clk 01:08:57]} {[%emt 00:00:11]} Ka6 {[%clk 01:03:41]} {[%emt 00:00:11]} 52.
Qb6# {[%clk 01:08:45]} {[%emt 00:00:06]} 1-0

[Event "DEM U12w 2024"]
[Site "Willingen GER"]
[Date "2024.05.19"]
[Round "2"]
[White "Tu, Audrey"]
[Black "Busch, Lara Sophie"]
[Result "1/2-1/2"]
[Termination "normal"]
[Board "5"]
[WhiteElo "1711"]
[BlackElo "1585"]
[WhiteClock "00:12:28"]
[BlackClock "00:25:27"]
[PlyCount "60"]
[WhiteFideId "34628568"]
[BlackFideId "34664866"]
[EventCountry "GER"]
[EventRounds "9"]
[EventType "swiss"]
[EventDate "2024.05.18"]

1. e4 {[%clk 01:30:58]} e5 {[%clk 01:30:55]} {[%emt 00:00:05]} 2. Nf3 {[%clk
01:31:25]} {[%emt 00:00:03]} Nc6 {[%clk 01:31:17]} {[%emt 00:00:08]} 3. Bb5
{[%clk 01:31:50]} {[%emt 00:00:05]} Bc5 {[%clk 01:31:38]} {[%emt 00:00:09]} 4.
c3 {[%clk 01:32:07]} {[%emt 00:00:14]} Qf6 {[%clk 01:31:51]} {[%emt 00:00:16]}
5. O-O {[%clk 01:29:36]} {[%emt 00:03:01]} Nge7 {[%clk 01:31:56]} {[%emt
00:00:25]} 6. d3 {[%clk 01:27:15]} {[%emt 00:02:52]} h6 {[%clk 01:31:42]}
{[%emt 00:00:43]} 7. Be3 {[%clk 01:25:11]} {[%emt 00:02:34]} Bb6 {[%clk
01:31:10]} {[%emt 00:01:01]} 8. d4 {[%clk 01:24:05]} {[%emt 00:01:37]} Ng6
{[%clk 01:26:46]} {[%emt 00:04:54]} 9. Na3 {[%clk 01:15:24]} {[%emt 00:09:12]}
a6 {[%clk 01:18:22]} {[%emt 00:08:53]} 10. Ba4 {[%clk 01:12:15]} {[%emt
00:03:38]} Ba7 {[%clk 01:18:08]} {[%emt 00:00:44]} 11. d5 {[%clk 01:06:16]}
{[%emt 00:06:29]} Nb8 {[%clk 01:16:21]} {[%emt 00:02:17]} 12. c4 {[%clk
01:01:56]} {[%emt 00:04:51]} O-O {[%clk 01:14:22]} {[%emt 00:02:29]} 13. c5
{[%clk 00:57:18]} {[%emt 00:05:09]} d6 {[%clk 01:05:29]} {[%emt 00:09:23]} 14.
cxd6 {[%clk 00:53:16]} {[%emt 00:04:32]} cxd6 {[%clk 01:05:07]} {[%emt
00:00:52]} 15. Qd2 {[%clk 00:49:37]} {[%emt 00:04:08]} Nd7 {[%clk 01:02:10]}
{[%emt 00:03:27]} 16. Rac1 {[%clk 00:46:45]} {[%emt 00:03:22]} Nc5 {[%clk
01:00:20]} {[%emt 00:02:20]} 17. Bc2 {[%clk 00:46:19]} {[%emt 00:00:56]} b5
{[%clk 00:51:28]} {[%emt 00:09:21]} 18. b4 {[%clk 00:43:26]} {[%emt 00:03:23]}
Nd7 {[%clk 00:50:38]} {[%emt 00:01:20]} 19. Bd3 {[%clk 00:40:14]} {[%emt
00:03:43]} Bxe3 {[%clk 00:43:42]} {[%emt 00:07:26]} 20. fxe3 {[%clk 00:35:11]}
{[%emt 00:05:33]} Qd8 {[%clk 00:39:47]} {[%emt 00:04:24]} 21. Nc2 {[%clk
00:31:22]} {[%emt 00:04:21]} Nf6 {[%clk 00:38:21]} {[%emt 00:01:55]} 22. Na1
{[%clk 00:30:01]} {[%emt 00:01:51]} Bb7 {[%clk 00:35:42]} {[%emt 00:03:09]} 23.
Nb3 {[%clk 00:29:30]} {[%emt 00:01:02]} Qd7 {[%clk 00:34:15]} {[%emt 00:01:56]}
24. Qf2 {[%clk 00:26:54]} {[%emt 00:03:06]} Rac8 {[%clk 00:33:15]} {[%emt
00:01:31]} 25. Nh4 {[%clk 00:26:04]} {[%emt 00:01:19]} Qg4 {[%clk 00:30:26]}
{[%emt 00:03:02]} 26. Rxc8 {[%clk 00:18:36]} {[%emt 00:08:16]} Bxc8 {[%clk
00:29:39]} {[%emt 00:01:17]} 27. Nxg6 {[%clk 00:17:47]} {[%emt 00:01:19]} Qxg6
{[%clk 00:29:11]} {[%emt 00:00:57]} 28. Qh4 {[%clk 00:14:43]} {[%emt 00:03:32]}
Bd7 {[%clk 00:26:27]} {[%emt 00:03:14]} 29. Rc1 {[%clk 00:14:37]} {[%emt
00:00:39]} Rc8 {[%clk 00:25:10]} {[%emt 00:01:47]} 30. Rxc8+ {[%clk 00:12:28]}
Bxc8 {[%clk 00:25:27]} {[%emt 00:02:52]} 1/2-1/2

[Event "DEM U12w 2024"]
[Site "Willingen GER"]
[Date "2024.05.19"]
[Round "2"]
[White "Stiehler, Mara"]
[Black "Schmidt, Sophie"]
[Result "1-0"]
[Termination "normal"]
[Board "6"]
[WhiteElo "1739"]
[BlackElo "1257"]
[WhiteClock "01:28:58"]
[BlackClock "00:23:01"]
[PlyCount "103"]
[WhiteFideId "34621199"]
[BlackFideId "34682503"]
[EventCountry "GER"]
[EventRounds "9"]
[EventType "swiss"]
[EventDate "2024.05.18"]

1. e4 {[%clk 01:30:59]} e5 {[%clk 01:30:54]} {[%emt 00:00:07]} 2. Nf3 {[%clk
01:31:23]} {[%emt 00:00:05]} Nc6 {[%clk 01:31:04]} {[%emt 00:00:20]} 3. Bc4
{[%clk 01:31:47]} {[%emt 00:00:06]} Bc5 {[%clk 01:31:16]} {[%emt 00:00:18]} 4.
c3 {[%clk 01:32:05]} {[%emt 00:00:12]} Nf6 {[%clk 01:31:04]} {[%emt 00:00:42]}
5. d3 {[%clk 01:32:27]} {[%emt 00:00:09]} d6 {[%clk 01:28:46]} {[%emt
00:02:49]} 6. Bb3 {[%clk 01:32:29]} {[%emt 00:00:28]} h6 {[%clk 01:25:34]}
{[%emt 00:03:43]} 7. Nbd2 {[%clk 01:32:44]} {[%emt 00:00:14]} Bb6 {[%clk
01:22:51]} {[%emt 00:03:13]} 8. h3 {[%clk 01:32:27]} {[%emt 00:00:46]} O-O
{[%clk 01:20:57]} {[%emt 00:02:25]} 9. Nf1 {[%clk 01:32:10]} {[%emt 00:00:44]}
Be6 {[%clk 01:19:25]} {[%emt 00:02:04]} 10. g4 {[%clk 01:31:29]} {[%emt
00:01:10]} d5 {[%clk 01:15:08]} {[%emt 00:04:49]} 11. Qe2 {[%clk 01:31:13]}
{[%emt 00:00:44]} dxe4 {[%clk 01:01:38]} {[%emt 00:14:02]} 12. dxe4 {[%clk
01:30:57]} {[%emt 00:00:45]} Nh7 {[%clk 00:57:18]} {[%emt 00:04:51]} 13. Rg1
{[%clk 01:27:54]} {[%emt 00:03:31]} Bxb3 {[%clk 00:54:09]} {[%emt 00:03:42]}
14. axb3 {[%clk 01:28:00]} {[%emt 00:00:24]} f6 {[%clk 00:46:51]} {[%emt
00:07:49]} 15. h4 {[%clk 01:25:18]} {[%emt 00:03:11]} g5 {[%clk 00:43:09]}
{[%emt 00:04:13]} 16. Ng3 {[%clk 01:18:47]} {[%emt 00:07:00]} Qd7 {[%clk
00:37:28]} {[%emt 00:06:11]} 17. Nf5 {[%clk 01:17:29]} {[%emt 00:01:47]} Rfd8
{[%clk 00:27:12]} {[%emt 00:10:47]} 18. Nxh6+ {[%clk 01:16:36]} {[%emt
00:01:23]} Kh8 {[%clk 00:25:28]} {[%emt 00:02:15]} 19. hxg5 {[%clk 01:14:01]}
{[%emt 00:03:04]} Nxg5 {[%clk 00:20:47]} {[%emt 00:05:11]} 20. Nxg5 {[%clk
01:11:25]} {[%emt 00:03:05]} fxg5 {[%clk 00:19:02]} {[%emt 00:02:16]} 21. Bxg5
{[%clk 01:10:38]} {[%emt 00:01:17]} Rf8 {[%clk 00:17:34]} {[%emt 00:01:59]} 22.
Nf5 {[%clk 01:09:37]} {[%emt 00:01:31]} Kh7 {[%clk 00:15:05]} {[%emt 00:02:59]}
23. Rh1+ {[%clk 01:08:53]} {[%emt 00:01:13]} Kg6 {[%clk 00:14:22]} {[%emt
00:01:13]} 24. Be3 {[%clk 01:06:05]} {[%emt 00:03:18]} Rh8 {[%clk 00:12:31]}
{[%emt 00:02:20]} 25. Rh4 {[%clk 01:03:17]} {[%emt 00:03:10]} Ne7 {[%clk
00:10:00]} {[%emt 00:03:09]} 26. Rd1 {[%clk 01:02:37]} {[%emt 00:01:10]} Qe8
{[%clk 00:08:13]} {[%emt 00:02:18]} 27. Rxh8 {[%clk 01:02:43]} {[%emt
00:00:23]} Qxh8 {[%clk 00:07:06]} {[%emt 00:01:37]} 28. Nxe7+ {[%clk 01:02:56]}
{[%emt 00:00:17]} Kf7 {[%clk 00:06:50]} {[%emt 00:00:42]} 29. Nd5 {[%clk
01:02:12]} {[%emt 00:01:16]} Qh1+ {[%clk 00:06:01]} {[%emt 00:01:19]} 30. Qf1
{[%clk 00:59:06]} {[%emt 00:03:36]} Qxe4 {[%clk 00:05:43]} {[%emt 00:00:49]}
31. Nxb6 {[%clk 00:59:22]} {[%emt 00:00:14]} axb6 {[%clk 00:05:23]} {[%emt
00:00:50]} 32. Qc4+ {[%clk 00:58:00]} {[%emt 00:01:52]} Qxc4 {[%clk 00:04:51]}
{[%emt 00:01:02]} 33. bxc4 {[%clk 00:58:19]} {[%emt 00:00:11]} Ke6 {[%clk
00:04:45]} {[%emt 00:00:36]} 34. Ke2 {[%clk 00:58:02]} {[%emt 00:00:46]} Rg8
{[%clk 00:03:59]} {[%emt 00:01:17]} 35. Rg1 {[%clk 00:58:06]} {[%emt 00:00:26]}
e4 {[%clk 00:03:17]} {[%emt 00:01:12]} 36. Bf4 {[%clk 00:58:00]} {[%emt
00:00:36]} c6 {[%clk 00:02:01]} {[%emt 00:01:46]} 37. Ke3 {[%clk 00:58:06]}
{[%emt 00:00:23]} Ra8 {[%clk 00:01:42]} {[%emt 00:00:48]} 38. Kxe4 {[%clk
00:57:32]} {[%emt 00:01:04]} Ra4 {[%clk 00:01:24]} {[%emt 00:00:48]} 39. Kd3
{[%clk 00:57:45]} {[%emt 00:00:18]} Ra2 {[%clk 00:01:09]} {[%emt 00:00:45]} 40.
g5 {[%clk 00:57:32]} {[%emt 00:00:42]} Kf5 {[%clk 00:00:40]} {[%emt 00:01:00]}
41. Bd6 {[%clk 00:57:07]} {[%emt 00:00:55]} Ra8 {[%clk 00:00:34]} {[%emt
00:00:37]} 42. g6 {[%clk 00:57:26]} {[%emt 00:00:10]} Rg8 {[%clk 00:29:22]}
{[%emt 00:01:41]} 43. g7 {[%clk 01:27:38]} {[%emt 00:00:18]} Ke6 {[%clk
00:28:47]} {[%emt 00:01:05]} 44. Bf8 {[%clk 01:27:58]} {[%emt 00:00:11]} Ke5
{[%clk 00:28:10]} {[%emt 00:01:07]} 45. Ra1 {[%clk 01:27:57]} {[%emt 00:00:32]}
b5 {[%clk 00:27:02]} {[%emt 00:01:38]} 46. cxb5 {[%clk 01:27:58]} {[%emt
00:00:29]} cxb5 {[%clk 00:27:17]} {[%emt 00:00:14]} 47. Ra8 {[%clk 01:28:06]}
{[%emt 00:00:22]} Kd5 {[%clk 00:26:01]} {[%emt 00:01:46]} 48. f4 {[%clk
01:28:05]} {[%emt 00:00:31]} Ke6 {[%clk 00:23:49]} {[%emt 00:02:42]} 49. Ke4
{[%clk 01:28:12]} {[%emt 00:00:23]} Kf7 {[%clk 00:23:17]} {[%emt 00:00:58]} 50.
Ke5 {[%clk 01:28:27]} {[%emt 00:00:18]} Kg6 {[%clk 00:23:01]} {[%emt 00:00:45]}
51. Ke6 {[%clk 01:28:36]} {[%emt 00:00:22]} b6 {[%clk 00:23:01]} {[%emt
00:00:31]} 52. f5 {[%clk 01:28:58]} {[%emt 00:00:07]} 1-0